00265nam a22001097a 4500008004100000100002100041245003600062250001200098260002500110300000800135546001200143230502b |||||||| |||| 00| 0 eng d aT. Bhattacharyya aThe Interpretation of Statutes  a7th Ed. aAllahabadbCLAc2009 a320 aEnglish